Vysoké Tatry Starý Smokovec : Zbojnícka koliba

Bibliographic Details
Other Authors: Zagar, Anton (fotograf) (Photographer)
Format: Postcard
Language:Slovak
Russian
English
German
PhysicalDescription:1 pohľadnica farebná 11 x 15 cm
Published: [Bratislava] VPL [1967]
Subjects:

MARC

LEADER 00000nkm a2200000 a 4500
001 vtls011562244
003 SK-MaSNL
005 20260512122136.0
007 kp co
008 231214q1967 xo |g||||| |00 kuslo
015 |a SNBG 
035 |a urn:nbn:sk:snk-km00bk0i 
035 |a urn:nbn:sk:snk-km3lml9 
035 |a B8C24C5D-45F1-4FA1-972A-5D4A9E30048A 
040 |a SNK  |b slo  |c SNK  |e AACR2 
041 0 |a slo  |a rus  |a eng  |a ger 
043 |a e-xo--- 
044 |a xo  |c SK 
080 |a 908(437.6)  |2 2011 
080 |a (084.121)  |2 2011 
080 |a (437.6)  |2 2011 
100 1 |a Zagar, Anton  |c (fotograf)  |4 pht  |9 173902 
245 1 0 |a Vysoké Tatry  |h grafika  |b Starý Smokovec : Zbojnícka koliba  |c foto A. Zagar 
246 3 0 |a Starý Smokovec : Zbojnícka koliba 
246 3 1 |a Vysokije Tatry  |b Stary Smokovec : Razbojničij šalaš 
246 3 1 |a High Tatras  |b Starý Smokovec : "Robbers Hut" 
246 3 1 |a Hohe Tatra  |b Starý Smokovec : "Räuberhütte" 
260 |a [Bratislava]  |b VPL  |c [1967] 
300 |a 1 pohľadnica  |b farebná  |c 11 x 15 cm 
651 7 |a Vysoké Tatry (Poľsko a Slovensko : pohorie)  |2 SNKPHgeo  |9 67729 
651 7 |a Starý Smokovec (Vysoké Tatry, Slovensko)  |2 SNKPH  |9 160864 
655 7 |a miestne pohľadnice  |2 SNKPH  |9 70510 
852 |a Slovenská národná knižnica 
958 |a GC 
958 |a GBN 
958 |a OND 
999 |c 587720  |d 589650 
952 |a SNK  |b SNK  |y PREZ  |7 0  |p 17A1184077  |o snkSP 14855  |0 0  |1 0  |4 0  |d 2016-06-22  |f 1  |l 0  |r 2026-02-23 15:14:26  |w 2026-02-23